| 000 | 00651nam a22002057a 4500 | ||
|---|---|---|---|
| 003 | 0 | ||
| 005 | 20240111142349.0 | ||
| 008 | 240111b xxu||||| |||| 00| 0 eng d | ||
| 020 | _a978-1-5095-3439-5 | ||
| 050 |
_aTR 267.5 _bL43 2020 |
||
| 100 | _aLeaver, Tama | ||
| 245 |
_aInstagram :visual social media cultures _cTama Leaver |
||
| 260 |
_aMedford, MA, USA _bPolity _cc2020. |
||
| 300 |
_axiii, 264 pages ; _c22cm. |
||
| 504 | _aIncludes bibliographical references, glossary, and index. | ||
| 650 | _aInstagram (Firm). | ||
| 650 | _aOnline social networks. | ||
| 650 | _aPhotography--Digital techniques--Social aspects. | ||
| 942 |
_2lcc _cBK |
||
| 999 |
_c365854 _d365854 |
||